000 01306cam a22003854i 4500
003 PE-LiUPU
005 20250731184114.0
008 150616s r 000 0 d
035 _a(Sirsi) a4937
040 _aPE-LiUPU
_bspa
_cPE-LiUPU
_erda
049 _aPRUA
082 0 4 _a808.8387
_bM531m
_223
100 1 0 _aMelville, Herman,
_eautor.
245 1 0 _aMoby Dick (la ballena blanca) /
_cHerman Melville; ilustraciones de Lozano Olivares.
264 1 _aMéxico :
_bEditorial Cumbres,
_c1967.
300 _a511 páginas :
_bilustraciones ;
_c21 centímetros.
336 _atext
_2rdacontent
337 _aunmediated
_2rdamedia
338 _avolume
_2rdacarrier
490 0 _a(Colección ilustrada de obras inmortales)
505 0 _aMoby Dick (la ballena blanca).
526 _aP145
526 _aP127
526 _aP97
526 _aP14
526 _aP07
650 1 4 _a Ballenas
_vNovela.
_93037
650 1 4 _aNovela estadounidense
_93038
700 _aOlivares, Lozano,
_eilustrador.
_93039
910 _ajck
942 _2ddc
_cBK
_n0
949 _a808.8387 M531o
_wDEWEY
_c1
_i08128
_lCCODEBUL1
_mBUL
_p00.00
_r0
_sY
_tBOOK
_u2015-04-23
_xEDUCACION
_0COMPRA
_o.STAFF. Colección General
980 _81
_gALBERTO SANCHEZ Responsable de Automatización
999 _c51709
_d51709